Lire le français d'hier : Manuel de paléographie moderne XVe-XVIIIe siècle (notice n° 2130091)

détails MARC
000 -LEADER
fixed length control field 01085cam a2200145 4500500
005 - DATE AND TIME OF LATEST TRANSACTION
control field 20260405022157.0
041 ## - LANGUAGE CODE
Language code of text/sound track or separate title fre
042 ## - AUTHENTICATION CODE
Authentication code dc
100 10 - MAIN ENTRY--PERSONAL NAME
Personal name Audisio, Gabriel
Relator term author
245 00 - TITLE STATEMENT
Title Lire le français d'hier : Manuel de paléographie moderne XVe-XVIIIe siècle
260 ## - PUBLICATION, DISTRIBUTION, ETC.
Name of publisher, distributor, etc. Armand Colin,<br/>
Date of publication, distribution, etc. 2023.<br/>
520 ## - SUMMARY, ETC.
Summary, etc. Le présent ouvrage se veut un manuel de paléographie. La paléographie étant la science de l’écriture ancienne et le manuel un livre pratique, il vise, à l’aide de nombreux exemples, à initier le débutant à l’écriture manuscrite française des XVe-XVIIIe siècles. En découvrant et en apprivoisant la forme particulière de certaines lettres, les ligatures, les déformations dues à une écriture de plus en plus cursive, les abréviations des mots les plus usités, chacun peut maîtriser cette « science » qui n’est qu’une « technique » et lire le français d’hier.
700 10 - ADDED ENTRY--PERSONAL NAME
Personal name Rambaud, Isabelle
Relator term author
856 41 - ELECTRONIC LOCATION AND ACCESS
Uniform Resource Identifier <a href="https://shs.cairn.info/lire-le-francais-d-hier--9782200635701?lang=fr&redirect-ssocas=7080">https://shs.cairn.info/lire-le-francais-d-hier--9782200635701?lang=fr&redirect-ssocas=7080</a>

Pas d'exemplaire disponible.

PLUDOC

PLUDOC est la plateforme unique et centralisée de gestion des bibliothèques physiques et numériques de Guinée administré par le CEDUST. Elle est la plus grande base de données de ressources documentaires pour les Étudiants, Enseignants chercheurs et Chercheurs de Guinée.

Adresse

627 919 101/664 919 101

25 boulevard du commerce
Kaloum, Conakry, Guinée

Réseaux sociaux

Powered by Netsen Group @ 2025